000 00328nam a2200133Ia 4500
005 20251222140053.0
008 251222s1900||||xx |||||||||||||| ||spa||
020 _a8482600311
082 _a213.3/B18
100 _aGelabert Ballester, Martín
245 0 _aJesús, Revelación del Hombre:
264 _bSan Esteban
942 _cLIB
999 _c3660
_d3660